Bundesliga 2025/26 - loga klubów - Statystyki

Ogólne statystyki
  • Ten quiz został rozwiązany 71 razy
  • Średni wynik to 15 z 18
Statystyki odpowiedzi
Obrazkowy Odpowiedź % Poprawnych
Bayern Monachium
100%
Borussia Dortmund
100%
1. FC Koeln
92%
RB Lipsk
92%
Bayer Leverkusen
89%
TSG Hoffenheim
87%
VfL Wolfsburg
87%
1. FSV Mainz 05
86%
SC Freiburg
86%
Union Berlin
86%
VfB Stuttgart
84%
Hamburger SV
83%
Werder Brema
83%
FC Augsburg
81%
Borussia Moenchengladbach
79%
Eintracht Frankfurt
79%
FC St. Pauli
76%
FC Heidenheim 1846
59%
Nie znaleziono quizów pasujących do podanych kryteriów
Rozkład punktacji
Procent ludzi z każdym wynikiem
Percentyl według liczby udzielonych odpowiedzi
Twoja historia wyników
Nie rozwiązałeś tego quizu